Mathematical physics : (Record no. 29224)

000 -LEADER
fixed length control field 00529 a2200181 4500
003 - CONTROL NUMBER IDENTIFIER
control field NUST
005 - DATE AND TIME OF LATEST TRANSACTION
control field 20180118150159.0
008 - FIXED-LENGTH DATA ELEMENTS--GENERAL INFORMATION
fixed length control field 180118b xxu||||| |||| 00| 0 eng d
020 ## - INTERNATIONAL STANDARD BOOK NUMBER
International Standard Book Number 9812563342
020 ## - INTERNATIONAL STANDARD BOOK NUMBER
International Standard Book Number 9789812563347
082 04 - DEWEY DECIMAL CLASSIFICATION NUMBER
Classification number 530.15
100 ## - MAIN ENTRY--PERSONAL NAME
Personal name Rahvar, S.
9 (RLIN) 8838
245 10 - TITLE STATEMENT
Title Mathematical physics :
Remainder of title proceedings of the xi regional conference /
Statement of responsibility, etc. S. Rahvar, N. Sadooghi, F. Shojai.
260 ## - PUBLICATION, DISTRIBUTION, ETC.
Place of publication, distribution, etc. [S.l.] :
Name of publisher, distributor, etc. World Scientific Publishing Company,
Date of publication, distribution, etc. 2005.
300 ## - PHYSICAL DESCRIPTION
Extent 199 p. ;
Dimensions 28 cm.
700 1# - ADDED ENTRY--PERSONAL NAME
Personal name Rahvar, S.
9 (RLIN) 8838
700 1# - ADDED ENTRY--PERSONAL NAME
Personal name Sadooghi, N.
9 (RLIN) 8839
700 1# - ADDED ENTRY--PERSONAL NAME
Personal name Shojai, F.
9 (RLIN) 8840
942 ## - ADDED ENTRY ELEMENTS (KOHA)
Institution code [OBSOLETE] SNS
Koha item type Book
Call number prefix 530.15 RAH
Source of classification or shelving scheme
Holdings
Withdrawn status Lost status Damaged status Not for loan Permanent Location Current Location Date acquired Total Checkouts Full call number Barcode Date last seen Price effective from Koha item type
        School of Natural Sciences (SNS) School of Natural Sciences (SNS) 05/26/2016   530.15 RAH SNS0000746 05/26/2016 05/26/2016 Book
© 2023 Central Library, National University of Sciences and Technology. All Rights Reserved.